Les 10 meilleurs buteurs en 2004. - Statistiques

Statistiques générales
  • Ce quiz a été pris 123 fois
  • Le résultat moyen est 5 sur 10
Statistiques - réponses
Buts Joueurs Clubs % Correct
46 Thierry Henry Arsenal
100%
30 Didier Drogba Marseille/ Chelsea
80%
33 Pauleta PSG
72%
30 Samuel Eto'o Majorque/ Barca
68%
36 Andriy Shevchenko Milan
67%
31 Ruud Van Nistelrooy Man United
59%
43 Adriano Inter
44%
31 Dimitar Berbatov Leverkusen
15%
33 Roy Makaay Bayern
8%
33 Julio Baptista Seville
1%
Aucun quiz correspondant
Distribution des résultats
% des personnes avec chaque résultat
Percentile par nombre de réponses
Votre historique - résultats
Vous n’avez pas pris ce quiz